[Event "Landesklasse Ost 2024/25"]
[Site "?"]
[Date "2024.09.15"]
[Round "1.6"]
[White "Günther, Dominik"]
[Black "Müller, Jürgen"]
[Result "1/2-1/2"]
[WhiteElo "1478"]
[BlackElo "1776"]
[PlyCount "86"]
[EventDate "2024.09.15"]
[EventType "team-tourn"]
[EventRounds "9"]
[WhiteTeam "TV 1887 Germania Hermsdorf"]
[BlackTeam "MTV 1876 Saalfeld"]

1. d4 Nf6 2. c4 e6 3. Nf3 Bb4+ 4. Bd2 Bxd2+ 5. Qxd2 O-O 6. Nc3 d5 7. e3 c6 8. Be2 Nbd7 9. O-O Re8 10. Rfc1 dxc4 11. Bxc4 Nb6 12. Be2 Nbd5 13. Nxd5 exd5 14. b4 Ne4 15. Qb2 a6 16. a4 Bg4 17. b5 Bxf3 18. Bxf3 axb5 19. axb5 Qb6 20. Bxe4 dxe4 21. Rab1 cxb5 22. Qxb5 Qxb5 23. Rxb5 Re7 24. Rcb1 Rb8 25. Rb6 f5 26. h3 Kf7 27. g4 fxg4 28. hxg4 g6 29. Kg2 Kg7 30. Kg3 h6 31. d5 g5 32. d6 Rf7 33. R1b4 Rd7 34. Rxe4 Kf6 35. f4 Rbd8 36. Rd4 Re8 37. e4 gxf4+ 38. Kxf4 Ke6 39. e5 Rf8+ 40. Ke4 Rf1 41. Rb5 Re1+ 42. Kf4 Rf7+ 43. Kg3 Rd7 1/2-1/2

[Event "Landesklasse Ost 2024/25"]
[Site "?"]
[Date "2024.09.15"]
[Round "1.7"]
[White "Utermann, Utz"]
[Black "Pietzsch, Gerhard"]
[Result "1/2-1/2"]
[WhiteElo "1255"]
[BlackElo "1672"]
[PlyCount "44"]
[EventDate "2024.09.15"]
[EventType "team-tourn"]
[EventRounds "9"]
[WhiteTeam "MTV 1876 Saalfeld"]
[BlackTeam "TV 1887 Germania Hermsdorf"]

1. d4 Nf6 2. Nf3 g6 3. c4 Bg7 4. Nc3 O-O 5. e4 d6 6. Be3 Nc6 7. Be2 e5 8. d5 Ne7 9. h3 Nh5 10. O-O f5 11. exf5 Nxf5 12. Bg5 Nf6 13. Ne4 Ne7 14. Nxf6+ Bxf6 15. Bxf6 Rxf6 16. Qd2 Kg7 17. Ng5 Ng8 18. Ne4 Rf4 19. Bd3 b6 20. Ng3 Bd7 21. Ne2 Rf7 22. f4 Qe7 1/2-1/2

[Event "Landesklasse Ost 2024/25"]
[Site "?"]
[Date "2024.09.15"]
[Round "1.8"]
[White "Kretschmann, Ralph"]
[Black "Schneiderheinze, Roland"]
[Result "1/2-1/2"]
[WhiteElo "1233"]
[BlackElo "1455"]
[PlyCount "26"]
[EventDate "2024.09.15"]
[EventType "team-tourn"]
[EventRounds "9"]
[WhiteTeam "TV 1887 Germania Hermsdorf"]
[BlackTeam "MTV 1876 Saalfeld"]

1. e4 c5 2. c3 Nc6 3. d4 cxd4 4. cxd4 e6 5. Nf3 d5 6. e5 Bb4+ 7. Bd2 Bxd2+ 8. Qxd2 Nge7 9. Be2 Nf5 10. O-O O-O 11. Nc3 a6 12. Rac1 Bd7 13. b3 b5 1/2-1/2

[Event "Landesklasse West 2024/25"]
[Site "?"]
[Date "2024.09.15"]
[Round "1.1"]
[White "Möller, Axel"]
[Black "Hausknecht, Matthias"]
[Result "0-1"]
[WhiteElo "1988"]
[BlackElo "2188"]
[PlyCount "52"]
[EventDate "2024.09.15"]
[EventType "team-tourn"]
[EventRounds "9"]
[WhiteTeam "SV Ammern"]
[BlackTeam "SG Barchfeld/Breitungen"]

{[%evp 0,52,19,-12,-9,-51,34,24,6,15,21,25,12,28,25,25,34,7,-6,-17,-34,-62,-69,-75,-76,-73,-69,-94,-93,-94,-100,-109,-91,-120,-101,-117,-106,-113,-96,-96,-84,-160,-95,-114,-102,-129,-136,-145,-143,-158,-132,-151,-162,-182,-168]} 1. c4 Nf6 2. g3 g6 3. Bg2 Bg7 4. Nf3 O-O 5. O-O Nc6 6. d4 d6 7. Nc3 a6 8. a3 Na5 9. Nd2 Nd7 10. Qa4 c5 11. dxc5 Bxc3 12. bxc3 Nxc5 13. Qc2 Bf5 14. e4 Be6 15. Re1 Qc7 16. h4 Kh8 17. Bf1 f6 18. f4 Nd7 19. Rb1 b6 20. f5 Bf7 21. fxg6 Bxg6 22. Qd3 Rg8 23. Qe3 Rab8 24. Bd3 Rg7 25. Kh1 Bf7 26. Rg1 Rbg8 0-1

[Event "Landesklasse West 2024/25"]
[Site "?"]
[Date "2024.09.15"]
[Round "1.2"]
[White "Trappe, Tilman"]
[Black "Salaske, Peter"]
[Result "1/2-1/2"]
[WhiteElo "1626"]
[BlackElo "1833"]
[PlyCount "46"]
[EventDate "2024.09.15"]
[EventType "team-tourn"]
[EventRounds "9"]
[WhiteTeam "SG Barchfeld/Breitungen"]
[BlackTeam "SV Ammern"]

1. e4 e6 2. d4 d5 3. Nc3 Nf6 4. e5 Ng8 5. f4 Nh6 6. Nf3 c5 7. Be3 cxd4 8. Nxd4 Bd7 9. Be2 Nc6 10. Nxc6 Bxc6 11. O-O Nf5 12. Bf2 Qa5 13. Bd3 d4 14. Ne4 Rd8 15. Qe2 Be7 16. g4 Qd5 17. Rfe1 b6 18. Bc4 Qxe4 19. Qxe4 Bxe4 20. Rxe4 Ne3 21. Bb5+ Kf8 22. Bxe3 dxe3 23. Be2 g6 1/2-1/2

[Event "Landesklasse West 2024/25"]
[Site "?"]
[Date "2024.09.15"]
[Round "1.3"]
[White "Breuer, Harald"]
[Black "Theer, Tino"]
[Result "1/2-1/2"]
[WhiteElo "1763"]
[BlackElo "1762"]
[PlyCount "32"]
[EventDate "2024.09.15"]
[EventType "team-tourn"]
[EventRounds "9"]
[WhiteTeam "SV Ammern"]
[BlackTeam "SG Barchfeld/Breitungen"]

1. e4 c5 2. c3 Nc6 3. d4 d5 4. exd5 Qxd5 5. Nf3 Bg4 6. Be2 e6 7. O-O a6 8. Be3 cxd4 9. Nxd4 Bxe2 10. Qxe2 Nf6 11. Rd1 Be7 12. Nd2 Nxd4 13. Bxd4 O-O 14. Bxf6 Bxf6 15. Ne4 Qe5 16. Nxf6+ Qxf6 1/2-1/2

[Event "Landesklasse West 2024/25"]
[Site "?"]
[Date "2024.09.15"]
[Round "1.4"]
[White "Crivellaro, Heiko"]
[Black "Hentrich, Jörg"]
[Result "1-0"]
[WhiteElo "1821"]
[BlackElo "1769"]
[PlyCount "59"]
[EventDate "2024.09.15"]
[EventType "team-tourn"]
[EventRounds "9"]
[WhiteTeam "SG Barchfeld/Breitungen"]
[BlackTeam "SV Ammern"]

1. f4 e5 2. fxe5 d6 3. Nf3 dxe5 4. d3 Nc6 5. Nc3 Nf6 6. Bg5 Be7 7. e4 Bg4 8. Be2 h6 9. Bh4 Qd7 10. a3 Bxf3 11. Bxf3 Nxe4 12. Bxe7 Nxc3 13. Qd2 Nd5 14. Bh4 Nd4 15. Bd1 Nf5 16. Bf2 Nf6 17. Bf3 O-O 18. O-O-O c6 19. Rde1 Rfe8 20. Rhf1 Nd4 21. Bd1 Qd5 22. c4 Qd6 23. g4 Nxg4 24. Bxd4 Qxd4 25. Re4 Qd6 26. Rxg4 b5 27. Bb3 Re7 28. Rfg1 Qf6 29. cxb5 cxb5 30. Rg6 1-0

[Event "Landesklasse West 2024/25"]
[Site "?"]
[Date "2024.09.15"]
[Round "1.5"]
[White "Hensel, Thomas"]
[Black "Schmidt, Kevin"]
[Result "1/2-1/2"]
[WhiteElo "1612"]
[BlackElo "1620"]
[PlyCount "51"]
[EventDate "2024.09.15"]
[EventType "team-tourn"]
[EventRounds "9"]
[WhiteTeam "SV Ammern"]
[BlackTeam "SG Barchfeld/Breitungen"]

1. Nf3 d5 2. e3 c5 3. b3 Bg4 4. Bb5+ Nc6 5. Bb2 e6 6. O-O Nf6 7. d4 a6 8. Bxc6+ bxc6 9. Nbd2 Ne4 10. Qc1 Nxd2 11. Nxd2 Qg5 12. f4 Qg6 13. Nf3 Bxf3 14. Rxf3 cxd4 15. Bxd4 Qe4 16. Qd2 c5 17. Bb2 f6 18. Rd1 c4 19. bxc4 Qxc4 20. f5 e5 21. Qxd5 Qxd5 22. Rxd5 Rb8 23. Bc3 Rc8 24. Ba5 Rxc2 25. Rd8+ Kf7 26. Rd2 1/2-1/2

[Event "Landesklasse West 2024/25"]
[Site "?"]
[Date "2024.09.15"]
[Round "1.6"]
[White "Reum, Lutz"]
[Black "Schorch, Rüdiger"]
[Result "1/2-1/2"]
[WhiteElo "1714"]
[BlackElo "1919"]
[PlyCount "145"]
[EventDate "2024.09.15"]
[EventType "team-tourn"]
[EventRounds "9"]
[WhiteTeam "SG Barchfeld/Breitungen"]
[BlackTeam "SV Ammern"]

{[%evp 0,145,25,25,55,7,29,10,33,31,29,23,10,5,8,6,-6,-1,0,2,12,5,12,12,22,-3,9,-6,-7,-18,15,0,-7,-35,-34,-34,147,156,142,106,119,117,149,136,140,77,95,-4,0,-84,-56,-64,-84,-52,-57,-70,-70,-104,-89,-104,-25,-27,-27,-34,-27,-28,-32,-31,86,78,112,73,55,9,32,24,35,-7,-7,0,0,-90,-33,0,-28,-66,-61,-74,-77,-74,-68,-69,-69,-72,-66,-58,-80,-78,-74,-84,-79,-108,-111,-115,-60,-69,-58,-38,-45,-41,-53,-30,-16,-76,-83,-56,-59,-54,-53,-39,-13,0,0,-72,-67,-66,-53,-37,0,0,0,0,0,0,0,0,0,0,0,0,0,0,0,0,0,0,0,0]} 1. Nf3 c5 2. c3 d5 3. d4 e6 4. Bf4 Bd6 5. Bxd6 Qxd6 6. e3 Nf6 7. Nbd2 Nc6 8. Bd3 Bd7 9. O-O O-O 10. dxc5 Qxc5 11. e4 e5 12. Rc1 Qe7 13. Re1 Rad8 14. Qc2 h6 15. a3 Bg4 16. h3 dxe4 17. Bxe4 Bh5 18. Bxc6 bxc6 19. Rxe5 Qc7 20. Rce1 Bg6 21. Qa4 Nd5 22. c4 Nf4 23. R5e3 Nd3 24. Ra1 Nxb2 25. Qb4 Nd3 26. Qc3 Rfe8 27. Rxe8+ Rxe8 28. Rf1 Nf4 29. Kh1 Bd3 30. Re1 Rxe1+ 31. Nxe1 Bf5 32. Qe3 Ne6 33. Nef3 Qd6 34. Qxa7 Nc5 35. Qa8+ Kh7 36. Qe8 Nd3 37. Qe3 Qxa3 38. g3 Qc1+ 39. Kg2 Nb2 40. Nh4 Bd3 41. Nhf3 Bxc4 42. Qe4+ g6 43. Nxc4 Qxc4 44. Qxc4 Nxc4 45. Nd4 Na5 46. Kf3 Kg7 47. Ke4 Kf6 48. h4 Ke7 49. f4 c5 50. Nf3 Ke6 51. g4 Nb3 52. f5+ gxf5+ 53. gxf5+ Kf6 54. Nh2 h5 55. Nf1 c4 56. Ng3 Nd2+ 57. Kf4 Ke7 58. Nxh5 c3 59. Ke3 Nf3 60. Kd3 Nxh4 61. Kxc3 Nxf5 62. Kd3 Ke6 63. Ke4 Ne7 64. Ng7+ Kf6 65. Ne8+ Kg6 66. Nd6 Kg5 67. Nxf7+ Kg4 68. Nd6 Ng6 69. Nf5 Kg5 70. Nd6 Nh4 71. Nf7+ Kg4 72. Nh6+ Kh5 73. Ng8 1/2-1/2

[Event "Landesklasse West 2024/25"]
[Site "?"]
[Date "2024.09.15"]
[Round "1.7"]
[White "Kampfhenkel, Ulrich"]
[Black "Heß, Wolfgang"]
[Result "1/2-1/2"]
[WhiteElo "1912"]
[BlackElo "1626"]
[PlyCount "50"]
[EventDate "2024.09.15"]
[EventType "team-tourn"]
[EventRounds "9"]
[WhiteTeam "SV Ammern"]
[BlackTeam "SG Barchfeld/Breitungen"]

1. e4 e6 2. d4 d5 3. Nc3 dxe4 4. Nxe4 Nd7 5. Nf3 Ngf6 6. Nxf6+ Nxf6 7. Ne5 Be7 8. Bd3 O-O 9. O-O c5 10. dxc5 Bxc5 11. Qe2 Qc7 12. Bf4 Bd6 13. Rad1 Rd8 14. Bg3 b6 15. Ng4 Nxg4 16. Qxg4 Bxg3 17. hxg3 Bb7 18. Qh4 g6 19. Be4 Bxe4 20. Qxe4 Rac8 21. c4 Rd7 22. Rd4 Rxd4 23. Qxd4 Rd8 24. Qe3 Qd6 25. Re1 Qd2 1/2-1/2

[Event "Landesklasse West 2024/25"]
[Site "?"]
[Date "2024.09.15"]
[Round "1.8"]
[White "Römhild, Uwe"]
[Black "Langer, Günther"]
[Result "1-0"]
[WhiteElo "1607"]
[BlackElo "1365"]
[PlyCount "55"]
[EventDate "2024.09.15"]
[EventType "team-tourn"]
[EventRounds "9"]
[WhiteTeam "SG Barchfeld/Breitungen"]
[BlackTeam "SV Ammern"]

{[%evp 0,55,20,8,8,18,22,-10,-10,11,36,-17,-34,-16,66,19,16,16,32,8,18,-12,14,33,33,35,59,80,133,119,278,241,242,244,233,209,216,218,253,274,337,179,194,174,176,158,163,153,206,224,268,252,531,544,553,566,29997,29998]} 1. e4 e5 2. d4 exd4 3. Qxd4 Nc6 4. Qe3 b6 5. Bd2 Bc5 6. Qg3 Bd4 7. c3 Bf6 8. Na3 a6 9. Nc4 d6 10. O-O-O b5 11. Ne3 Nge7 12. f4 Ng6 13. Nf3 O-O 14. Nd5 Na5 15. Nxf6+ Qxf6 16. f5 Bxf5 17. exf5 Qxf5 18. Nd4 Qc8 19. Bd3 Nc4 20. Bxg6 fxg6 21. Rhf1 Rxf1 22. Rxf1 c5 23. Nf3 b4 24. Qf4 d5 25. Ne5 bxc3 26. Qf7+ Kh8 27. Bxc3 Ne3 28. Nxg6+ 1-0

[Event "Landesklasse West 2024/25"]
[Site "?"]
[Date "2024.09.15"]
[Round "1.2"]
[White "Meitzner, Jonathan Franz"]
[Black "Göpfert, Gregor"]
[Result "1/2-1/2"]
[WhiteElo "1790"]
[BlackElo "1784"]
[PlyCount "51"]
[EventDate "2024.09.15"]
[EventType "team-tourn"]
[EventRounds "9"]
[WhiteTeam "SC Rochade Leinefelde"]
[BlackTeam "ESV Lok Meiningen"]

{[%evp 0,51,30,26,26,26,6,6,15,-13,0,31,17,4,4,-9,4,1,10,-52,-19,-19,-16,-71,-62,-57,-65,-78,-84,-88,-82,-96,-90,-96,-109,-103,-104,-110,-99,-102,-87,-92,-70,-60,-65,-61,0,0,5,5,0,0,0,0]} 1. e4 e5 2. Nf3 Nc6 3. Bc4 Bc5 4. c3 Nf6 5. d4 exd4 6. e5 d5 7. Bb5 Ne4 8. cxd4 Bb6 9. h3 O-O 10. O-O Bd7 11. Nc3 Nxc3 12. bxc3 Nxe5 13. Bxd7 Nxf3+ 14. Qxf3 Qxd7 15. Qg3 Rfe8 16. Bh6 f6 17. Rfe1 c6 18. Bf4 Rxe1+ 19. Rxe1 Rc8 20. Bd6 Bc7 21. Bxc7 Rxc7 22. Re8+ Kf7 23. Rh8 h6 24. Rh7 Kf8 25. Rh8+ Kf7 26. Rh7 1/2-1/2

[Event "Landesklasse West 2024/25"]
[Site "?"]
[Date "2024.09.15"]
[Round "1.3"]
[White "Lehmann, Peter"]
[Black "Pfitzenreuter, Gerald"]
[Result "1-0"]
[WhiteElo "1893"]
[BlackElo "1863"]
[PlyCount "127"]
[EventDate "2024.09.15"]
[EventType "team-tourn"]
[EventRounds "9"]
[WhiteTeam "ESV Lok Meiningen"]
[BlackTeam "SC Rochade Leinefelde"]

{[%evp 0,127,26,32,29,27,29,9,3,15,23,-7,-12,-20,-6,-6,-6,-20,-21,-20,-23,-11,31,77,72,63,46,48,117,113,110,104,104,101,129,129,211,213,216,211,221,220,218,180,214,198,205,198,194,167,168,127,120,132,134,114,112,109,123,119,105,93,103,103,118,118,118,114,117,116,140,116,127,123,132,119,124,125,134,131,132,112,124,123,126,129,169,99,199,193,201,201,193,193,193,107,149,136,142,151,307,340,353,415,690,270,262,262,331,335,356,156,181,112,117,115,112,113,161,143,165,108,359,493,527,527,617,634,843,843]} 1. d4 d5 2. Nf3 Nf6 3. e3 e6 4. Bd3 c5 5. c3 Nc6 6. Nbd2 Be7 7. O-O O-O 8. Qe2 Qc7 9. dxc5 Bxc5 10. e4 dxe4 11. Nxe4 Nxe4 12. Qxe4 f5 13. Qc4 Ne5 14. Nxe5 Qxe5 15. Bf4 Qd5 16. Rfe1 Qxc4 17. Bxc4 Kf7 18. Re5 Bd6 19. Rxf5+ Ke8 20. Rxf8+ Bxf8 21. Be5 Kf7 22. Rd1 Be7 23. f4 g6 24. Bb5 a6 25. Bd7 Bc5+ 26. Kf1 Ke7 27. Ba4 b5 28. Bb3 Bd7 29. a3 Bc6 30. Bc2 Bd5 31. g3 Rc8 32. Ke2 Bb6 33. Bd4 Bxd4 34. Rxd4 Rc4 35. Rd2 Rc7 36. Ke3 Bb7 37. Be4 Bxe4 38. Kxe4 Rc4+ 39. Rd4 Rc5 40. a4 h6 41. h4 Kf6 42. axb5 axb5 43. g4 g5 44. fxg5+ hxg5 45. h5 Re5+ 46. Kd3 Re1 47. b3 Rh1 48. c4 Rh3+ 49. Kc2 Ke5 50. Rd3 Rh2+ 51. Rd2 Rh4 52. cxb5 Rxg4 53. Rh2 Rf4 54. h6 Rf8 55. Kc3 g4 56. Rg2 Rh8 57. Rxg4 Rxh6 58. Rd4 Rh3+ 59. Kc4 Rh8 60. Rd7 Ke4 61. b6 e5 62. b7 Ke3 63. Kc5 e4 64. Kc6 1-0

[Event "Landesklasse West 2024/25"]
[Site "?"]
[Date "2024.09.15"]
[Round "1.4"]
[White "Hellrung, Bernhard"]
[Black "Lehmann, Georg"]
[Result "1/2-1/2"]
[WhiteElo "1808"]
[BlackElo "1631"]
[PlyCount "103"]
[EventDate "2024.09.15"]
[EventType "team-tourn"]
[EventRounds "9"]
[WhiteTeam "SC Rochade Leinefelde"]
[BlackTeam "ESV Lok Meiningen"]

{[%evp 0,103,29,26,56,13,0,-12,-30,-1,4,-1,-5,5,55,27,58,19,44,35,6,5,26,7,14,-24,2,9,36,-8,-20,-38,10,-58,-8,-23,-25,-46,-6,-62,-62,-85,-22,-24,3,-52,-11,-83,-47,-70,-71,-74,-50,-96,-96,-88,-80,-80,-53,-69,-55,-47,-39,-59,-53,-59,-64,-91,-38,-41,-27,-73,21,0,80,70,67,61,60,59,89,96,108,95,130,61,77,77,70,70,96,96,93,45,45,50,40,33,31,39,115,31,39,0,0,-51]} 1. e4 c5 2. c3 d5 3. exd5 Qxd5 4. d4 e6 5. Nf3 Nf6 6. Be2 Bd6 7. O-O O-O 8. dxc5 Qxc5 9. Be3 Qc7 10. h3 Rd8 11. Qb3 Nc6 12. Bg5 a6 13. Nbd2 b5 14. Rad1 Bb7 15. Rfe1 Kh8 16. Bf1 h6 17. Bxf6 gxf6 18. Ne4 Be7 19. Rxd8+ Rxd8 20. Qc2 Rg8 21. Qd2 Kh7 22. Qe3 f5 23. Ned2 Nb8 24. Nb3 Nd7 25. Nbd4 Bc5 26. Ne5 Nxe5 27. Qxe5 Qxe5 28. Rxe5 Bd6 29. Re1 Bd5 30. a3 Kg6 31. Rd1 Kf6 32. Nc2 Ke7 33. Ne3 Bb3 34. Re1 Kd7 35. c4 f4 36. Ng4 Kc7 37. cxb5 axb5 38. Bxb5 Kb6 39. Bf1 h5 40. Nf6 Rg5 41. Be2 Be7 42. Ne4 Re5 43. Nd2 Bd5 44. Kf1 Bf6 45. b4 Rg5 46. Nf3 Rg8 47. a4 Bc3 48. a5+ Ka7 49. Rb1 Ba2 50. Rd1 Bd5 51. a6 Bxb4 52. Rc1 1/2-1/2

[Event "Landesklasse West 2024/25"]
[Site "?"]
[Date "2024.09.15"]
[Round "1.5"]
[White "Grube, Paul"]
[Black "Frank, Thomas"]
[Result "0-1"]
[WhiteElo "1583"]
[BlackElo "1816"]
[PlyCount "124"]
[EventDate "2024.09.15"]
[EventType "team-tourn"]
[EventRounds "9"]
[WhiteTeam "ESV Lok Meiningen"]
[BlackTeam "SC Rochade Leinefelde"]

{[%evp 0,124,29,26,41,41,50,29,52,47,31,23,47,37,25,30,62,9,42,28,39,38,36,10,32,25,6,-3,4,-95,-98,-96,-108,-117,-110,-90,-91,-86,-109,-115,-117,-201,-188,-199,-195,-194,-195,-201,-190,-189,-185,-181,-190,-239,-271,-273,-231,-240,-233,-235,-240,-286,-274,-295,-215,-264,-224,-278,-269,-264,-264,-293,-298,-297,-282,-284,-284,-278,-264,-326,-307,-424,-435,-446,-298,-303,-316,-338,-327,-327,-327,-368,-386,-407,-430,-454,-457,-479,-499,-526,-611,-1316,-1353,-1526,-1593,-1776,-1509,-1749,-1883,-1502,-2147,-1619,-2428,-2763,-2648,-3105,-3949,-29985,-2573,-29991,-2464,-29995,-29996,-29997,-29998,-29999,-30000]} 1. e4 c5 2. Nf3 e6 3. d4 cxd4 4. Nxd4 Nc6 5. c3 Qc7 6. Be3 Nf6 7. Nd2 a6 8. g3 Be7 9. Bg2 O-O 10. O-O d6 11. f4 Bd7 12. Rc1 Rac8 13. b4 b5 14. g4 Nxd4 15. cxd4 Qxc1 16. Qxc1 Rxc1 17. Rxc1 Nxg4 18. Bf2 Rc8 19. Rxc8+ Bxc8 20. e5 Nxf2 21. Kxf2 dxe5 22. dxe5 Bxb4 23. Nb3 Kf8 24. Ke2 Ke7 25. Nd4 Ba3 26. Kd1 Bc5 27. Ne2 Kd7 28. Nc1 Bg1 29. h3 a5 30. Nd3 Ba6 31. Be4 g6 32. Kc2 Be3 33. Kd1 b4 34. Ke2 Bd4 35. Kd2 Bc4 36. Nc1 Bf1 37. Nb3 Bb6 38. h4 h5 39. Ke1 Bc4 40. Nc1 Be3 41. Bd3 Bxc1 42. Bxc4 Bxf4 43. Bb5+ Ke7 44. Ke2 Bxe5 45. Kd3 Bg3 46. Kc4 Bxh4 47. Bc6 Be1 48. Kb5 f5 49. Bf3 h4 50. Ka4 g5 51. Kb3 g4 52. Bb7 f4 53. Be4 f3 54. Bd3 h3 55. Ka4 h2 56. Kxa5 h1=Q 57. a4 b3+ 58. Kb6 Qh8 59. Be4 Kd6 60. Bb7 Qd4+ 61. Kb5 Qb4+ 62. Ka6 Qa5# 0-1

[Event "Landesklasse West 2024/25"]
[Site "?"]
[Date "2024.09.15"]
[Round "1.6"]
[White "Meitzner, Johan Eduard"]
[Black "Rasch, Wolfgang"]
[Result "1-0"]
[WhiteElo "1568"]
[BlackElo "1527"]
[PlyCount "63"]
[EventDate "2024.09.15"]
[EventType "team-tourn"]
[EventRounds "9"]
[WhiteTeam "SC Rochade Leinefelde"]
[BlackTeam "ESV Lok Meiningen"]

{[%evp 0,63,29,29,29,29,27,12,42,23,39,15,12,15,1,-9,-7,14,22,22,49,47,41,39,44,-38,48,25,41,-12,84,15,41,-3,60,-16,74,70,20,-5,97,99,266,282,351,302,291,267,301,297,325,255,279,276,293,228,423,251,239,211,293,275,642,450,29993,29994]} 1. d4 Nf6 2. Bf4 c5 3. e3 e6 4. c3 d5 5. Bd3 Nc6 6. Nf3 Bd6 7. Bg3 O-O 8. Nbd2 cxd4 9. exd4 Re8 10. Ne5 Qc7 11. Ndf3 a6 12. h3 b5 13. O-O Bb7 14. Re1 Na5 15. a4 Nc4 16. Qe2 Rec8 17. Rec1 bxa4 18. Rxa4 Nb6 19. Raa1 a5 20. Ng5 h6 21. Ngxf7 Bxe5 22. Nxe5 Qe7 23. Bh4 g5 24. Bg3 a4 25. Ng4 Nxg4 26. Qxg4 Nc4 27. Re1 Re8 28. Bxc4 dxc4 29. Be5 a3 30. bxa3 Rxa3 31. Qh5 Rxc3 32. Qg6+ 1-0

[Event "Landesklasse West 2024/25"]
[Site "?"]
[Date "2024.09.15"]
[Round "1.1"]
[White "Gandera, Moritz"]
[Black "Kuntze, Andreas"]
[Result "1/2-1/2"]
[WhiteElo "1805"]
[BlackElo "2060"]
[PlyCount "46"]
[EventDate "2024.09.15"]
[EventType "team-tourn"]
[EventRounds "9"]
[WhiteTeam "SC Rochade Steinbach-Hallenberg"]
[BlackTeam "SC 1951 Nordhausen"]

{[%evp 0,46,20,20,93,81,76,70,83,78,83,85,95,67,57,54,54,42,58,55,52,21,34,45,48,19,46,34,40,25,29,32,24,23,27,27,27,11,6,6,31,32,32,25,32,24,32,43,53]} 1. d4 d6 2. e4 Nf6 3. Nc3 e5 4. dxe5 dxe5 5. Qxd8+ Kxd8 6. Bc4 Be6 7. Bxe6 fxe6 8. Bg5 Bd6 9. O-O-O Ke7 10. f3 a6 11. Be3 b5 12. a4 c6 13. Nh3 Nbd7 14. Nf2 Bc5 15. Bxc5+ Nxc5 16. Nd3 Nxd3+ 17. Rxd3 Rhd8 18. Rhd1 Rxd3 19. Rxd3 Nd7 20. b3 Nc5 21. Rd2 Rb8 22. axb5 axb5 23. Nd1 Rd8 1/2-1/2

[Event "Landesklasse West 2024/25"]
[Site "?"]
[Date "2024.09.15"]
[Round "1.3"]
[White "Recknagel, Armin"]
[Black "Wabersich, Titus"]
[Result "0-1"]
[WhiteElo "1561"]
[BlackElo "1599"]
[PlyCount "82"]
[EventDate "2024.09.15"]
[EventType "team-tourn"]
[EventRounds "9"]
[WhiteTeam "SC Rochade Steinbach-Hallenberg"]
[BlackTeam "SC 1951 Nordhausen"]

{[%evp 0,82,30,37,37,25,73,50,64,62,52,2,20,28,20,20,20,-11,15,-11,-1,-13,-16,-14,-20,-21,-7,-18,-18,-20,-15,-38,-43,-49,-30,-42,-43,-40,-38,-41,-41,-42,-49,-47,-34,-46,-31,-41,-34,-27,-23,-27,-17,-20,-20,-23,-23,-22,-4,0,-6,-14,10,10,0,-13,31,-103,-110,-117,-79,-88,-33,-126,-122,-163,-159,-166,-153,-1002,-1154,-1622,-2445,-28087,-29980]} 1. d4 d5 2. Bf4 c5 3. e3 Nc6 4. Nf3 Nf6 5. c3 Qb6 6. Qb3 c4 7. Qxb6 axb6 8. a3 b5 9. Be2 h6 10. h3 Bf5 11. O-O e6 12. Nbd2 Be7 13. Rfc1 O-O 14. Ne5 Ra6 15. Nxc6 bxc6 16. Bd1 Ne4 17. Nxe4 Bxe4 18. Bc2 Bxc2 19. Rxc2 c5 20. dxc5 Bxc5 21. Rd1 g5 22. Bh2 f5 23. Be5 Kf7 24. Re2 Kg6 25. g3 Bd6 26. Bxd6 Rxd6 27. e4 fxe4 28. Rxe4 h5 29. Re3 Rf5 30. Kg2 g4 31. hxg4 hxg4 32. Rd4 Kg5 33. f3 gxf3+ 34. Rxf3 e5 35. Rh4 d4 36. cxd4 exd4 37. Rh5+ Kxh5 38. Rxf5+ Kg6 39. Rxb5 d3 40. Rb4 d2 41. Rxc4 d1=Q 0-1

[Event "Landesklasse West 2024/25"]
[Site "?"]
[Date "2024.09.15"]
[Round "1.4"]
[White "Rohde, Ragnar"]
[Black "Holland-Cunz, Dietrich"]
[Result "1-0"]
[WhiteElo "1596"]
[BlackElo "1756"]
[PlyCount "59"]
[EventDate "2024.09.15"]
[EventType "team-tourn"]
[EventRounds "9"]
[WhiteTeam "SC 1951 Nordhausen"]
[BlackTeam "SC Rochade Steinbach-Hallenberg"]

{[%evp 0,59,28,28,68,57,44,37,68,72,89,70,52,76,57,19,38,42,32,27,21,24,2,23,39,68,55,67,104,109,87,157,174,165,192,212,212,220,319,224,224,224,224,224,224,234,233,233,223,245,246,246,465,496,551,520,1295,1314,1327,882,29993,29994]} 1. d4 g6 2. c4 Bg7 3. Nc3 b6 4. e4 Bb7 5. Nf3 d6 6. Bf4 Nd7 7. Bd3 c5 8. d5 Ngf6 9. Qd2 h6 10. e5 dxe5 11. Nxe5 Nxe5 12. Bxe5 O-O 13. O-O Kh7 14. Rae1 e6 15. dxe6 fxe6 16. Qc2 Qe8 17. Nb5 Rd8 18. f3 Nh5 19. Nd6 Rxd6 20. Bxd6 Bd4+ 21. Kh1 Rf6 22. Be5 Bxe5 23. Rxe5 Nf4 24. Be4 Qb8 25. Re1 Qxe5 26. Bxg6+ Rxg6 27. Rxe5 Nxg2 28. Rxe6 Nf4 29. Rxg6 Bxf3+ 30. Rg2+ 1-0

[Event "Landesklasse West 2024/25"]
[Site "?"]
[Date "2024.09.15"]
[Round "1.5"]
[White "Hoffmann, Hartmut"]
[Black "Gülsdorff, Florian"]
[Result "1-0"]
[WhiteElo "1964"]
[BlackElo "1590"]
[PlyCount "125"]
[EventDate "2024.09.15"]
[EventType "team-tourn"]
[EventRounds "9"]
[WhiteTeam "SC Rochade Steinbach-Hallenberg"]
[BlackTeam "SC 1951 Nordhausen"]

{[%evp 0,125,30,25,25,5,48,-14,-24,-12,26,4,137,124,136,-10,40,-6,34,18,19,8,14,5,0,51,82,51,63,44,53,16,211,217,244,227,225,225,217,126,182,109,115,108,113,115,137,89,121,91,92,77,85,85,85,79,87,75,79,75,108,53,53,23,42,33,33,25,33,-40,19,17,10,10,8,3,17,4,37,4,17,-9,17,-29,15,-62,11,-18,-13,-15,1,6,-8,-8,-8,-17,-7,-3,27,13,16,10,246,313,376,536,536,537,536,366,507,444,428,480,805,876,1110,1184,1297,1615,1615,1332,1355,1754,1829,767,2746,29982]} 1. d4 d5 2. c4 Bf5 3. Nc3 e6 4. Nf3 c6 5. Qb3 b6 6. cxd5 exd5 7. Ne5 Nf6 8. Bg5 Be7 9. e3 O-O 10. Be2 h6 11. Bh4 Qd6 12. g4 Be4 13. f3 Bh7 14. Bg3 Qe6 15. f4 Ne4 16. f5 Qc8 17. Nxe4 dxe4 18. Bc4 Qe8 19. Qc2 Kh8 20. Bb3 f6 21. Nc4 Bg8 22. O-O Bd5 23. Nd2 Bb4 24. Nc4 Qd7 25. Rac1 Re8 26. a3 Bf8 27. Nd2 Bd6 28. Bxd6 Qxd6 29. Rf4 Na6 30. Qc3 Re7 31. Bc2 Rae8 32. b4 Nc7 33. Qb2 Qd7 34. Qb1 Nb5 35. Qb2 Nd6 36. Bb3 Nf7 37. h4 Nd6 38. Rcf1 Nf7 39. Bd1 Rg8 40. R1f2 Qd6 41. Nf1 Kh7 42. Ng3 Qd7 43. Qe2 Nd6 44. Qe1 Qc7 45. g5 c5 46. dxc5 bxc5 47. Rc2 c4 48. Bh5 Bc6 49. Bg6+ Kh8 50. gxf6 Rd7 51. Nh5 Qb6 52. fxg7+ Rdxg7 53. Nxg7 Rxg7 54. Kf2 Be8 55. h5 Nf7 56. Qc3 Kg8 57. Qxc4 Bb5 58. Qc8+ Nd8 59. Rd2 Bd3 60. f6 Rb7 61. f7+ Kf8 62. Qc3 Ne6 63. Qh8+ 1-0